[Event "TCh-Serbia"]
[Site "Zlatibor SCG"]
[Date "2006.08.27"]
[Round "2"]
[White "Nadj Hedjesi,B"]
[Black "Nestorovic,De"]
[Result "1-0"]
[WhiteElo "2311"]
[BlackElo "2401"]

1.e4 c5 2.Nf3 e6 3.d4 cxd4 4.Nxd4 a6 5.Bd3 Qc7 6.O-O d6 7.c4 g6 8.Qe2 Bg7
9.Be3 Nf6 10.Nc3 O-O 11.Rac1 b6 12.Rfd1 Bb7 13.f3 Nbd7 14.Qf2 Rac8 15.Bf1 Rfe8
16.b4 Bf8 17.Nb3 Rb8 18.a4 Ba8 19.Kh1 Be7 20.Rd2 Ne5 21.Nd1 a5 22.bxa5 bxa5
23.Nd4 Rb4 24.Nb5 Qc6 25.Ra2 Nfd7 26.Bd2 Nc5 27.Qe3 Rxa4 28.Rxa4 Nxa4 29.Bxa5 Bb7
30.c5 Nxc5 31.Nc7 Qa4 32.Nxe8 Qxa5 33.Qh6  1-0

[Event "VIII Open"]
[Site "Sants ESP"]
[Date "2006.08.28"]
[Round "4"]
[White "Le Roy,B"]
[Black "Pellus Ruiz,J"]
[Result "1-0"]
[WhiteElo "2324"]
[BlackElo "2167"]

1.e4 c5 2.Nf3 e6 3.d4 cxd4 4.Nxd4 a6 5.Bd3 Nf6 6.O-O Qc7 7.Qe2 d6 8.Kh1 g6
9.f4 Bg7 10.Nf3 Nbd7 11.Nc3 O-O 12.Be3 b5 13.a3 Bb7 14.Rad1 Rfe8 15.Bd4 Nh5
16.Bxg7 Kxg7 17.Qd2 Rad8 18.f5 Ne5 19.Nd4 Qe7 20.Be2 Nf6 21.Qf4 Ned7 22.Nf3 e5
23.Qe3 Nc5 24.Nd2 d5 25.exd5 Bxd5 26.Nxd5 Rxd5 27.c4 bxc4 28.Bxc4 Rd4 29.b4 Nce4
30.Nxe4 Rxe4 31.Qb3 Qb7 32.fxg6 Rg4 33.Bd5 Nxd5 34.Rxf7+  1-0

[Event "TCh-Serbia"]
[Site "Zlatibor SCG"]
[Date "2006.08.28"]
[Round "3"]
[White "Todorovic,GM"]
[Black "Cabrilo,G"]
[Result "1/2-1/2"]
[WhiteElo "2477"]
[BlackElo "2461"]

1.e4 c5 2.Nf3 e6 3.d4 cxd4 4.Nxd4 a6 5.Bd3 Nf6 6.O-O d6 7.c4 Be7 8.Nc3 O-O
9.b3 b6 10.Bb2 Bb7 11.Qe2 Nbd7 12.Rac1 Qc7 13.Kh1 Rfe8 14.f4 Bf8 15.Bb1 Rad8
16.b4 Qb8 17.Nb3 g6 18.c5 dxc5 19.bxc5 Nxc5 20.Nxc5 Bxc5 21.e5 Nh5 22.Ne4 Bxe4
23.Bxe4 Re7 24.g4 Ng7 25.Rc2 a5 26.h4 Rc7  1/2-1/2

[Event "TCh-Serbia"]
[Site "Zlatibor SCG"]
[Date "2006.08.29"]
[Round "4"]
[White "Nestorovic,DN"]
[Black "Podinic,V"]
[Result "0-1"]
[WhiteElo "2353"]
[BlackElo "2410"]

1.e4 c5 2.Nf3 e6 3.d4 cxd4 4.Nxd4 a6 5.Bd3 Qc7 6.O-O Nf6 7.Qe2 d6 8.c4 g6
9.Be3 Bg7 10.Nc3 b6 11.Rac1 Bb7 12.f4 O-O 13.b4 Nbd7 14.Nb3 Rac8 15.a4 Qb8
16.Kh1 Qa8 17.Bg1 a5 18.Nb5 Ne8 19.bxa5 Nc5 20.Bxc5 bxc5 21.e5 Qb8 22.Rfe1 Kh8
23.Be4 dxe5 24.Bxb7 Qxb7 25.fxe5 f6 26.Qe3 Qe7 27.exf6 Rxf6 28.Rf1 e5 29.Rxf6 Nxf6
30.a6 e4 31.a7 Ng4 32.Qf4 h5 33.Qb8 Qf8 34.Qd6 Qf7 35.h3 Be5 36.Qd2 e3 37.Qe1 Qf4
38.Kg1 Qh2+ 39.Kf1 Qh1+ 40.Ke2 Qxg2+ 41.Kd3 Rd8+ 42.N3d4 Bxd4 43.hxg4 Bf6+  0-1

[Event "TCh-Serbia w"]
[Site "Zlatibor SCG"]
[Date "2006.08.29"]
[Round "4"]
[White "Korbut,E"]
[Black "Muzychuk,A"]
[Result "1/2-1/2"]
[WhiteElo "2430"]
[BlackElo "2456"]

1.e4 c5 2.Nf3 e6 3.d4 cxd4 4.Nxd4 a6 5.Bd3 Bc5 6.Be3 d6 7.c3 Nf6 8.O-O e5
9.Nc2 Be6 10.Nd2 Nc6 11.Bxc5 dxc5 12.Bc4 Qe7 13.Qe2 O-O 14.Bxe6 Qxe6 15.a4 Na5
16.Ne3 Rfd8 17.f3 Rd7 18.Ndc4 Nxc4 19.Qxc4 Qc6 20.Rfc1 Rc8 21.a5 Rd2 22.b4 g6
23.Rab1 Qb5 24.bxc5 Qxc5 25.Qxc5 Rxc5 26.Rxb7 Re2 27.Nd1 Rxa5 28.Kf1 Raa2
29.Rb6 Nh5 30.Rxa6 Rad2 31.Rd6 Ra2 32.Ra6 Rxg2 33.Rxa2 Rxa2 34.c4 Nf4 35.c5 Ne2
36.Nc3 Nxc3 37.Rxc3 Kf8 38.c6 Ra8 39.c7 Rc8 40.Rc5 Ke7 41.Rxe5+ Kd6 42.Rd5+ Ke6
43.Rc5 Kd6 44.Rd5+ Ke6  1/2-1/2

[Event "TCh-Serbia w"]
[Site "Zlatibor SCG"]
[Date "2006.09.01"]
[Round "7"]
[White "Bokan,J"]
[Black "Zelenaya Azaric,G"]
[Result "1-0"]
[WhiteElo "2065"]
[BlackElo "2105"]

1.e4 c5 2.Nf3 e6 3.d4 cxd4 4.Nxd4 a6 5.Bd3 Bc5 6.Nb3 Be7 7.O-O Qc7 8.Qe2 d6
9.Nc3 Nf6 10.f4 Nbd7 11.Be3 b5 12.a3 Bb7 13.Rad1 O-O 14.g4 g6 15.g5 Ne8 16.Qe1 Ng7
17.Qh4 f6 18.Nd4 fxg5 19.Qh3 g4 20.Qxg4 Nf6 21.Qh3 Bc8 22.Nf3 e5 23.f5 gxf5
24.exf5 d5 25.Ng5 h5 26.Qg2 Rd8 27.Ne6 Bxe6 28.fxe6 Bc5 29.Rxf6 Bxe3+ 30.Kh1 e4
31.Nxd5 Qe5 32.Ne7+ Kh7 33.Qg6+  1-0

[Event "Rudenko Mem"]
[Site "St Petersburg RUS"]
[Date "2006.09.02"]
[Round "8"]
[White "Tukan,E"]
[Black "Deriabina,S"]
[Result "0-1"]
[WhiteElo "2001"]
[BlackElo "2137"]

1.e4 c5 2.Nf3 e6 3.d4 cxd4 4.Nxd4 a6 5.Bd3 Nf6 6.O-O Qc7 7.c4 Nc6 8.Nxc6 dxc6
9.Be3 e5 10.Nc3 Be7 11.Rc1 O-O 12.f3 Nd7 13.Kh1 Nc5 14.Bc2 Ne6 15.Qe1 Nd4
16.f4 Be6 17.Bd3 f6 18.f5 Bd7 19.Qg3 Bd6 20.c5 Bxc5 21.b4 Ba7 22.b5 axb5
23.Bh6 Be8 24.Nxb5 Nxb5 25.Bxb5 Kh8 26.Be3 Bf7 27.a3 Qa5 28.Bxa7 Qxa7 29.Bc4 Bxc4
30.Rxc4 Qxa3 31.Qxa3 Rxa3 32.Rb4 b5 33.Rc1 Ra6 34.Kg1 h5 35.Rc3 Rb6 36.Kf2 Rd8
37.Kg3 Rd4 38.Rxd4 exd4 39.Rc5 b4 40.Rc4 b3 41.Rxd4 b2  0-1

[Event "5th Kesarovski - Georgiev Mem"]
[Site "Sunny Beach BUL"]
[Date "2006.09.02"]
[Round "1"]
[White "Petrov,Marij"]
[Black "Persson,M2"]
[Result "1-0"]
[WhiteElo "2430"]
[BlackElo "2083"]

1.e4 c5 2.Nf3 e6 3.d4 cxd4 4.Nxd4 a6 5.Bd3 Nc6 6.Nxc6 dxc6 7.O-O e5 8.Nd2 Be6
9.Nf3 f6 10.Qe2 Bc5 11.Bc4 Qe7 12.a4 Qf7 13.Bxe6 Qxe6 14.a5 Ne7 15.Nd2 Ng6
16.Nb3 Ba7 17.Be3 Nf4 18.Qf3 Bxe3 19.fxe3 Ng6 20.Rfd1 O-O 21.Nc5 Qe7 22.b4 Rfd8
23.Rxd8+ Rxd8 24.Rd1 Nf8 25.Rxd8 Qxd8 26.Qe2 Qe7 27.c3 Kf7 28.Qc4+ Kg6 29.Kf2 h5
30.Qg8 h4 31.h3 f5 32.exf5+ Kxf5 33.Nxb7 Ne6 34.Qc8 Kg6 35.Qxc6 Kh7 36.Qe4+ Kh8
37.Qxe5  1-0

[Event "128th ch-NYS"]
[Site "Colonie USA"]
[Date "2006.09.03"]
[Round "3"]
[White "Micayabas,M"]
[Black "Coleman,T"]
[Result "0-1"]
[WhiteElo "2318"]
[BlackElo "2238"]

1.e4 c5 2.Nf3 e6 3.d4 cxd4 4.Nxd4 a6 5.Bd3 Bc5 6.Nb3 Ba7 7.Qe2 Nc6 8.Be3 Nge7
9.Bxa7 Rxa7 10.O-O e5 11.Nc3 d6 12.Rad1 O-O 13.Qe3 Be6 14.Ne2 Ng6 15.c4 b6
16.Nd2 Rb7 17.a3 b5 18.b4 Nf4 19.cxb5 Qg5 20.Ng3 axb5 21.Nf3 Qg6 22.Be2 Bg4
23.Kh1 Qh6 24.Ng1 Bd7 25.Rd2 Nd4 26.Rc1 Ra8 27.Nf3 Nfe6 28.Ne1 Qf4 29.Rc3 Rba7
30.Rdd3 g6 31.Bf3 Qxe3 32.fxe3 Nxf3 33.gxf3 Ra6 34.h4 h5 35.Ng2 Kf8 36.f4 Ke7
37.f5 Ng7 38.Kh2 gxf5 39.exf5 Nxf5 40.e4 Nxg3 41.Rxg3 Be6 42.Ne1 f5 43.Rc7+ Kf6
44.Rcg7 Bf7 45.R7g5 fxe4 46.Nc2 Rc6 47.Ne3 Rcc8 48.Rg2 Rxa3 49.Nf5 Rcc3 50.Ng3 d5
51.Rf2+ Rf3 52.Rc2 Rac3 53.Ra2 Rc6 54.Nxh5+ Bxh5 55.Rxh5 Ke6 56.Rh8 e3 57.Kg2 e4
58.h5 Kf5 59.h6 Rg6+ 60.Kh2 Rf2+ 61.Rxf2+ exf2 62.h7 Rf6 63.Rg8 f1=Q 64.h8=Q Qf4+
65.Kg2 Qh6 66.Qxh6 Rxh6 67.Rb8 Kf4 68.Rxb5 d4 69.Rb8 Ke3 70.b5 d3 71.Rd8 d2
72.Kf1  0-1

[Event "3rd Open"]
[Site "Kalamaria GRE"]
[Date "2006.09.03"]
[Round "6"]
[White "Papadopoulos,I"]
[Black "Pambalos,P"]
[Result "1-0"]
[WhiteElo "2285"]
[BlackElo "2035"]

1.e4 c5 2.Nf3 e6 3.d4 cxd4 4.Nxd4 a6 5.Bd3 d5 6.exd5 Qxd5 7.Nc3 Qd6 8.Ne4 Qc7
9.O-O Bd7 10.b3 Nc6 11.Bb2 Nge7 12.Qh5 Nxd4 13.Bxd4 Nf5 14.Nf6+ gxf6 15.Bxf5 e5
16.Bxd7+ Qxd7 17.Bxe5 Be7 18.Bg3 O-O 19.Rad1 Qc8 20.c4 Rd8 21.Rde1 Bf8 22.Re4 Qc5
23.Rg4+ Kh8 24.Qxf7  1-0

[Event "I Open"]
[Site "Vitoria BRA"]
[Date "2006.09.07"]
[Round "1"]
[White "Matsuura,E"]
[Black "Cardoso,J"]
[Result "1-0"]
[WhiteElo "2445"]
[BlackElo "1865"]

1.e4 c5 2.Nf3 e6 3.d4 cxd4 4.Nxd4 a6 5.Bd3 b5 6.a4 b4 7.O-O Bb7 8.Nd2 Qc7
9.a5 Nf6 10.Qe2 Nc6 11.N4b3 Bd6 12.g3 h5 13.Nc4 h4 14.Nxd6+ Qxd6 15.g4 Nd4
16.Nxd4 Qxd4 17.c3 bxc3 18.bxc3 Qxc3 19.Bb2 Qc6 20.Rfc1 Qd6 21.e5 Qd5 22.f3 Nxg4
23.Be4 Qb3 24.Rc3 Qb4 25.Rc4 Qb3 26.Bxb7 Qe3+ 27.Qxe3 Nxe3 28.Rc8+ Rxc8 29.Bxc8 O-O
30.Bxa6 Rb8 31.Ra2 Nd5 32.Bf1 Nb4 33.Ra4 Nc6 34.Bd4 Rb1 35.a6  1-0

[Event "3rd LGA Premium Cup"]
[Site "Nuernberg GER"]
[Date "2006.09.08"]
[Round "2"]
[White "Ginsburg,G"]
[Black "Schneider,Dav"]
[Result "1-0"]
[WhiteElo "2506"]
[BlackElo "2202"]

1.e4 c5 2.Nf3 e6 3.d4 cxd4 4.Nxd4 a6 5.Bd3 Bc5 6.Nb3 Ba7 7.c4 Nc6 8.Nc3 d6
9.O-O Nf6 10.Bf4 Ne5 11.Be2 Qc7 12.Rc1 O-O 13.Nd2 Bd4 14.Ndb1 Qb6 15.Rc2 Ng6
16.Na4 Qc6 17.Qxd4 Nxf4 18.Nb6 e5 19.Qe3 Rb8 20.f3 Ne6 21.Nd5 Qc5 22.Nxf6+ gxf6
23.Qf2 Qxf2+ 24.Kxf2 f5 25.Nc3 Nd4 26.Rd2 Be6 27.Bd3 f4 28.Ne2 Nc6 29.Rc1 Rfd8
30.g3 fxg3+ 31.hxg3 Rbc8 32.b3 Ne7 33.g4 Ng6 34.Ke3 Kg7 35.Rh1 Rc5 36.Ng3 Nf4
37.Rdh2 Rh8 38.Nh5+ Nxh5 39.Rxh5 f6 40.Rh6 Bf7 41.R6h2 Bg6 42.Rd2 Kf7 43.Rhd1 Ke7
44.Bf1 Rd8 45.b4 Rcc8 46.Rh2 Rc7 47.a4 Rcc8 48.a5 Rc7 49.Rd5 Rcc8 50.b5 Rh8
51.Rhd2 Rhd8 52.bxa6 bxa6 53.c5 Rxc5 54.Rxc5 dxc5 55.Rxd8 Kxd8 56.Bxa6 h5
57.gxh5 Bxh5 58.Bc4 Kc7 59.f4 Kc6  1-0

[Event "3rd LGA Premium Cup"]
[Site "Nuernberg GER"]
[Date "2006.09.09"]
[Round "4"]
[White "Seyb,A"]
[Black "Espig,L"]
[Result "0-1"]
[WhiteElo "2095"]
[BlackElo "2359"]

1.e4 c5 2.Nf3 e6 3.d4 cxd4 4.Nxd4 a6 5.Bd3 Nf6 6.Qe2 d6 7.O-O g6 8.Be3 Bg7
9.c4 O-O 10.Nc3 b6 11.Rfd1 Bb7 12.Nf3 Qc7 13.Rac1 Ng4 14.Bd4 Bh6 15.Nd2 Nc6
16.Nb5 Qd8 17.Nc3 Qh4 18.h3 Nxd4 19.Qxg4 Qxg4 20.hxg4 Rfc8 21.Na4 Rc6 22.Rb1 b5
23.Nc3 Bxd2 24.cxb5 axb5 25.Rxd2 b4 26.Ne2 Nxe2+ 27.Bxe2 Rxa2 28.Rd4 Rc2
29.Rxb4 Rxe2 30.Rxb7 Rxe4 31.f3 Re2 32.Kh2 g5 33.Kh3 Kg7 34.g3 Ra4 35.Rc1 Rd4
36.b4 Rdd2 37.Rh1 Rb2 38.f4 gxf4 39.gxf4 Re3+ 40.Kh4 Re4 41.b5 Rxf4 42.b6 Kg6
43.Rb8 h6 44.Kg3 Rc4 45.Rf1 Rcb4 46.Rb7 Rxb6 47.Rbxf7 R6b3+ 48.R7f3 Kg5  0-1

[Event "FSIMA September"]
[Site "Budapest HUN"]
[Date "2006.09.10"]
[Round "9"]
[White "Hujbert,F"]
[Black "Reiss,T"]
[Result "1/2-1/2"]
[WhiteElo "2262"]
[BlackElo "2370"]

1.e4 c5 2.Nf3 e6 3.d4 cxd4 4.Nxd4 a6 5.Bd3 Nf6 6.O-O Qc7 7.Nc3 Nc6 8.Be3 Nxd4
9.Bxd4 Bc5 10.Bxc5 Qxc5 11.Re1 d6 12.Qd2 e5 13.Rad1 O-O 14.Bf1 Rd8 15.Re3 Be6
16.Rd3 Ne8 17.Nd5 Bxd5 18.Rxd5 Qc7 19.g3 Rdc8 20.Bh3 Rcb8 21.Bg2 b5 22.c3 Qb6
23.h4  1/2-1/2

[Event "EU-chB16"]
[Site "Herceg Novi MNE"]
[Date "2006.09.11"]
[Round "2"]
[White "Anastasijevic,M"]
[Black "Hansen,Al"]
[Result "0-1"]
[WhiteElo "1733"]
[BlackElo "2136"]

1.e4 c5 2.Nf3 e6 3.d4 cxd4 4.Nxd4 a6 5.Bd3 Nf6 6.O-O d6 7.Nc3 b5 8.a3 Be7
9.Kh1 Bb7 10.f4 Nbd7 11.Nb3 Qc7 12.Be3 Rc8 13.Bd4 h5 14.Qe2 h4 15.Rf3 e5
16.Be3 h3 17.Rxh3 Rxh3 18.gxh3 Nc5 19.Nxc5 dxc5 20.Qg2 exf4 21.Bf2 Kf8 22.Rg1 g6
23.Nd5 Qe5 24.Nxe7 Kxe7 25.Bh4 c4 26.Qf2 cxd3 27.cxd3 Kf8 28.Qb6 Bxe4+  0-1

[Event "3rd Szeged Cup"]
[Site "Szeged HUN"]
[Date "2006.09.11"]
[Round "3"]
[White "Gara,T"]
[Black "Khurtsidze,N"]
[Result "1-0"]
[WhiteElo "2309"]
[BlackElo "2414"]

1.e4 c5 2.Nf3 e6 3.d4 cxd4 4.Nxd4 a6 5.Bd3 Qb6 6.Be3 Bc5 7.c3 Qxb2 8.Nd2 Qxc3
9.Rc1 Qxd3 10.Rxc5 Nc6 11.Qc1 Nge7 12.Rc3 Qxd4 13.Bxd4 Nxd4 14.Nb3 Ndc6 15.Rg3 O-O
16.Qg5 Ng6 17.h4 h6 18.Qd2 Kh8 19.h5 Nge7 20.Rh4 f5 21.Qd6 Rf7 22.Rf3 e5
23.exf5 Rf6 24.Qd2 d5 25.g4 e4 26.Rg3 Bxf5 27.gxf5 Nxf5 28.Rf4 Ne5 29.Qxd5 Re8
30.Kf1 Nxg3+ 31.fxg3 Rxf4+ 32.gxf4 Nd3 33.Nc5 Rf8 34.Nxd3 exd3 35.f5 b5 36.Qxd3 Rf6
37.Ke2 Rc6 38.Ke3 Rf6 39.Ke4 Kg8 40.Ke5 Kh7 41.Qd5 b4 42.Qc5  1-0

[Event "EU-chB18"]
[Site "Herceg Novi MNE"]
[Date "2006.09.12"]
[Round "3"]
[White "Lehmann,A"]
[Black "Lapcevic,M"]
[Result "0-1"]
[WhiteElo "2139"]
[BlackElo "2309"]

1.e4 c5 2.Nf3 e6 3.d4 cxd4 4.Nxd4 a6 5.Bd3 Bc5 6.Nb3 Ba7 7.c4 Nc6 8.Nc3 d6
9.O-O Nf6 10.Qe2 O-O 11.Be3 Bxe3 12.Qxe3 Ne5 13.h3 Qc7 14.Rad1 b6 15.f4 Ng6
16.e5 dxe5 17.Bxg6 hxg6 18.Qxe5 Qxc4 19.Rd4 Qc6 20.Rd6 Qb7 21.Qd4 b5 22.Rd1 Qe7
23.Nc5 Bb7 24.Nd7 Rfe8 25.Nxf6+ Qxf6 26.Qxf6 gxf6 27.Rb6 Re7 28.a4 bxa4 29.Rd4 a3
30.bxa3 Rc8 31.Ne4 Kg7 32.Nd6 Rc1+ 33.Kh2 Bd5 34.Rd2 Rc6 35.Rdb2 a5 36.Rxc6 Bxc6
37.Rb6 Rc7 38.Rb2 Bd7 39.Rd2 Kf8 40.Ne4 Ke7 41.g4 Ba4 42.Rd4 Rc2+ 43.Kg3 Bc6
44.a4 e5  0-1

[Event "EU-chG18"]
[Site "Herceg Novi MNE"]
[Date "2006.09.12"]
[Round "3"]
[White "Leks,H"]
[Black "Kozak,Ma"]
[Result "1-0"]
[WhiteElo "2253"]
[BlackElo "2205"]

1.e4 c5 2.Nf3 e6 3.d4 cxd4 4.Nxd4 a6 5.Bd3 Nf6 6.O-O Qc7 7.Nc3 d6 8.f4 g6
9.Kh1 Bg7 10.Qe2 O-O 11.Bd2 Nbd7 12.Nb3 b6 13.Rae1 Bb7 14.a4 Rfe8 15.Qf2 Rac8
16.h3 Qb8 17.Kh2 d5 18.e5 Ne4 19.Bxe4 dxe4 20.Be3 Ba8 21.Bd4 Nc5 22.Bxc5 bxc5
23.Nxe4 Bxe4 24.Rxe4 c4 25.Na5 Qb4 26.Qe1 Qxb2 27.Nxc4 Qa2 28.Qb1 Qxb1 29.Rxb1 Bf8
30.Rb6 a5 31.Nxa5 Rxc2 32.Rc4 Ra2 33.Nc6 Ra8 34.a5 h5 35.h4 Bg7 36.Rcb4 f6
37.Rb8+ Rxb8 38.Rxb8+ Kh7 39.Re8 Bh6 40.Kg3 fxe5 41.fxe5 Ra3+ 42.Kf2 Bd2
43.Re7+ Kh6 44.Rxe6 Bxa5 45.Ne7 Ra2+ 46.Kg1 Ra1+ 47.Kh2 Ra4 48.Nxg6 Kg7 49.Ra6 Re4
50.g3 Bc3 51.Re6 Kf7 52.Rf6+ Kg7 53.Nf4 Rxe5 54.Rg6+ Kh7 55.Rg5 Kh6 56.Rg8 Rc5
57.Rg6+ Kh7 58.Rg5 Rc6 59.Rxh5+ Kg7 60.Rg5+ Kh7 61.Kg2 Bd2 62.Rf5 Rc2 63.Kf3 Rc3+
64.Kg4 Ra3 65.Rd5 Be1 66.Nd3 Ra4+ 67.Kh3 Bc3 68.g4 Bf6 69.g5 Bc3 70.h5 Ra7
71.Kg4 Bg7 72.Nf4 Ra1 73.Rd7 Kg8 74.Kf5 Ra5+ 75.Rd5 Ra7 76.Ne6 Kh7 77.Nxg7 Rxg7
78.Ke6 Rg8 79.Rd7+ Kh8 80.Kf6 Ra8 81.g6 Rb8 82.h6 Ra8 83.Ke7  1-0

[Event "ch-EU"]
[Site "Liverpool ENG"]
[Date "2006.09.13"]
[Round "8"]
[White "Williams,Si"]
[Black "Gordon,S"]
[Result "1/2-1/2"]
[WhiteElo "2473"]
[BlackElo "2443"]

1.e4 c5 2.Nf3 e6 3.d4 cxd4 4.Nxd4 a6 5.Bd3 Bc5 6.Nb3 Ba7 7.O-O Nc6 8.Qe2 d6
9.Be3 Nf6 10.N1d2 Bxe3 11.Qxe3 e5 12.f4 exf4 13.Rxf4 Be6 14.Raf1 Ne5 15.h3 Nfd7
16.Kh1 O-O 17.R4f2 Rc8 18.Nf3 Nxf3 19.gxf3 Nc5 20.Nxc5 Rxc5 21.f4 f5 22.e5 Qc7
23.exd6 Qxd6 24.Kh2 Bc4 25.Rd1 Bxd3 26.Rxd3 Qc6 27.c3 Rc4 28.Qd2 Re8 29.Rd6 Qe4
30.Rd8 Rxd8 31.Qxd8+ Kf7 32.Qd7+ Kf8 33.Qd6+ Qe7 34.Qd5 Rc5 35.Qd4 Rc6 36.Qd5 g6
37.Qd4  1/2-1/2

[Event "EU-chB16"]
[Site "Herceg Novi MNE"]
[Date "2006.09.14"]
[Round "5"]
[White "Bulanov,D"]
[Black "Radnetter,G"]
[Result "0-1"]
[WhiteElo "2195"]
[BlackElo "1995"]

1.e4 c5 2.Nf3 e6 3.d4 cxd4 4.Nxd4 a6 5.Bd3 Bc5 6.Nb3 Ba7 7.O-O Nc6 8.Qe2 d6
9.Be3 Nf6 10.N1d2 O-O 11.f4 Bxe3+ 12.Qxe3 Ng4 13.Qg3 f5 14.Kh1 Nb4 15.h3 Nh6
16.Nd4 Nxd3 17.Qxd3 e5 18.Nxf5 Nxf5 19.exf5 Bxf5 20.Qd5+ Kh8 21.Nc4 exf4
22.Rxf4 Bg6 23.Raf1 Rxf4 24.Rxf4 h6 25.Nxd6 Kh7 26.c4 Qb6 27.b3 Rd8 28.c5 Qa5
29.b4 Qa3 30.Kh2 Qe3 31.Rf3 Qe2 32.a3 Rd7 33.Rf8 Bd3 34.Qg8+ Kg6 35.Re8 Re7
36.Qf7+ Rxf7  0-1

[Event "12th DDS League and Open"]
[Site "Tuzla BIH"]
[Date "2006.09.16"]
[Round "2"]
[White "Blagojevic,Sr"]
[Black "Tomic,Bos"]
[Result "0-1"]
[WhiteElo "2132"]
[BlackElo "2341"]

1.e4 c5 2.Nf3 e6 3.d4 cxd4 4.Nxd4 a6 5.Bd3 Qc7 6.O-O Nf6 7.Qe2 d6 8.Nc3 b5
9.Bg5 Be7 10.a4 b4 11.Na2 Bb7 12.f3 Nbd7 13.Qf2 d5 14.exd5 Bxd5 15.Kh1 O-O
16.c4 Bb7 17.Qh4 Rfd8 18.Bxh7+ Kf8 19.Rae1 Nc5 20.Bb1 Ng8 21.Bxe7+ Qxe7 22.Qh8 Rxd4
23.Bh7 Qf6  0-1

[Event "TCh-FIN 2006-7"]
[Site "Vantaa FIN"]
[Date "2006.09.16"]
[Round "1"]
[White "Kokkila,T"]
[Black "Kanko,I"]
[Result "1-0"]
[WhiteElo "2288"]
[BlackElo "2242"]

1.e4 c5 2.Nf3 e6 3.d4 cxd4 4.Nxd4 a6 5.Bd3 Bc5 6.Nb3 Be7 7.O-O d6 8.Qg4 g6
9.Qe2 Nd7 10.Nc3 Qc7 11.a4 Ngf6 12.Bh6 Bf8 13.Qd2 Bxh6 14.Qxh6 b6 15.f4 Bb7
16.Rae1 O-O-O 17.Qh4 h6 18.e5 Nd5 19.Nxd5 exd5 20.e6 fxe6 21.Rxe6 g5 22.fxg5 hxg5
23.Qxg5 Rdg8 24.Rg6 Rxg6 25.Qxg6 Ne5 26.Qf6 Re8 27.Bg6 Rd8 28.Nd4 Qc5 29.c3 Rg8  1-0

[Event "EU-chG16"]
[Site "Herceg Novi MNE"]
[Date "2006.09.19"]
[Round "9"]
[White "Mnatsakanyan,D"]
[Black "Toth,Sar"]
[Result "1-0"]
[WhiteElo "1939"]
[BlackElo "2105"]

1.e4 c5 2.Nf3 e6 3.d4 cxd4 4.Nxd4 a6 5.Bd3 Nf6 6.O-O d6 7.Nd2 Nbd7 8.f4 Qb6
9.Nc4 Qc7 10.c3 Nxe4 11.Re1 Nef6 12.Qe2 Nc5 13.Bc2 b6 14.b4 Ncd7 15.Bf5 Nb8
16.Bb2 Be7 17.Bxe6 fxe6 18.Nxe6 Bxe6 19.Qxe6 Kf8 20.Rad1 Qd7 21.Qe3 Ra7 22.Nxb6 Qc7
23.Nc8 Rb7 24.Nxe7 Qxe7 25.Qf3 Qc7 26.Rxd6 Qxd6 27.Qxb7 Nbd7 28.Qc8+ Kf7
29.Qxh8 Qd2 30.Rb1 Ne4 31.Rf1 Qxb2 32.Qc8 Ndf6 33.Qc4+ Kg6 34.f5+ Kh6 35.Qxa6 Qxc3
36.Qb6  1-0

[Event "12th DDS League and Open"]
[Site "Tuzla BIH"]
[Date "2006.09.19"]
[Round "7"]
[White "Stojanovic,Da"]
[Black "Tomic,Bos"]
[Result "1/2-1/2"]
[WhiteElo "2472"]
[BlackElo "2341"]

1.e4 c5 2.Nf3 e6 3.d4 cxd4 4.Nxd4 a6 5.Bd3 Qc7 6.O-O Nf6 7.Qe2 d6 8.c4 Nbd7
9.Nc3 Be7 10.b3 b5 11.Bb2 bxc4 12.Bxc4 Ne5 13.Bd3 Nxd3 14.Qxd3 O-O 15.Rac1 Qb7
16.Qg3 Bd7 17.e5 dxe5 18.Qxe5 Qb8 19.Qe2 Bd6 20.h3 Qb7 21.Qf3 Qxf3 22.Nxf3 Rfc8  1/2-1/2

[Event "14th Bora Kostic Mem"]
[Site "Vrsac SCG"]
[Date "2006.09.19"]
[Round "7"]
[White "Macieja,B"]
[Black "Spraggett,K"]
[Result "1/2-1/2"]
[WhiteElo "2613"]
[BlackElo "2577"]

1.e4 c5 2.Nf3 e6 3.d4 cxd4 4.Nxd4 a6 5.Bd3 Nf6 6.O-O d6 7.Kh1 Nbd7 8.Nc3 g6
9.f4 Bg7 10.Qe1 O-O 11.Nf3 Qc7 12.Qh4 b5 13.f5 Bb7 14.a3 Rae8 15.Bh6 Qc5
16.Rae1 Bxh6 17.Qxh6 Ne5 18.Nxe5  1/2-1/2

[Event "Glassy Stream Masters"]
[Site "Kharkiv UKR"]
[Date "2006.09.22"]
[Round "1"]
[White "Kucherenko,D"]
[Black "Ogleznev,A"]
[Result "1-0"]
[WhiteElo "2334"]
[BlackElo "2207"]

1.e4 c5 2.Nf3 e6 3.d4 cxd4 4.Nxd4 a6 5.Bd3 Nf6 6.O-O Qc7 7.Qe2 d6 8.c4 Be7
9.b3 Nc6 10.Nxc6 bxc6 11.Bb2 c5 12.f4 Bb7 13.Nc3 Nd7 14.e5 dxe5 15.fxe5 Qxe5
16.Ne4 Qc7 17.Bxg7 Rg8 18.Bc3 Ne5 19.Qh5 Ng6 20.Qxh7 O-O-O 21.Rxf7 Qc6 22.Bc2 Nh4
23.g3 Nf5 24.Rxe7 Nxe7 25.Qxe7 Rg4 26.Ba5 Rdg8 27.Nd6+ Kb8 28.Qxb7+ Qxb7
29.Nxb7 Kxb7 30.Re1 Re8 31.Be4+ Kc8 32.Bb6 Rg5 33.Rd1 Re5 34.Bc6 Rf8 35.Rd2 Ref5
36.Kg2 Re5 37.h4 Rg8 38.Bf3 Rf5 39.g4 Re5 40.g5  1-0

[Event "Glassy Stream Masters"]
[Site "Kharkiv UKR"]
[Date "2006.09.25"]
[Round "4"]
[White "Ogleznev,A"]
[Black "Simantsev,M"]
[Result "1-0"]
[WhiteElo "2207"]
[BlackElo "2373"]

1.e4 c5 2.Nf3 e6 3.d4 cxd4 4.Nxd4 a6 5.Bd3 Nf6 6.O-O Qc7 7.Qe2 d6 8.c4 Be7
9.b3 O-O 10.Bb2 Nbd7 11.Nd2 Re8 12.Rae1 g6 13.Bb1 b6 14.Nc2 Bb7 15.Ne3 Bf8
16.Ng4 Bg7 17.Nxf6+ Nxf6 18.Nf3 Red8 19.Rd1 b5 20.cxb5 axb5 21.Rc1 Qa5 22.Rfd1 b4
23.Nd4 Rac8 24.Rxc8 Rxc8 25.Nf3 d5 26.Nd2 Ba6 27.Qf3 dxe4 28.Nxe4 Nd5 29.Bxg7 Kxg7
30.Ng5 Qc7 31.h4 Nc3 32.Re1 Bb7 33.Qg4 Qd6 34.h5 Nxb1 35.Rxb1 h6 36.Nxf7 Kxf7
37.Qxg6+ Kf8 38.Qxh6+ Ke8 39.Qg6+ Ke7 40.h6 Qd5 41.Qg7+ Kd6 42.Qg4 Rf8 43.Rd1  1-0

[Event "Tatry Open"]
[Site "Tatranske Zruby SVK"]
[Date "2006.09.25"]
[Round "4"]
[White "Smid,Jan2"]
[Black "Malecek,J"]
[Result "1/2-1/2"]
[WhiteElo "2000"]
[BlackElo "2155"]

1.e4 c5 2.Nf3 e6 3.d4 cxd4 4.Nxd4 a6 5.Bd3 Bc5 6.Nb3 Be7 7.Bf4 Nc6 8.c3 d6
9.O-O Nf6 10.N1d2 O-O 11.Qe2 Qc7 12.Rfe1 e5 13.Bg3 Re8 14.Rad1 b6 15.f3 Be6
16.Bxa6 Nh5 17.Bf2 Nf4 18.Qf1 Reb8 19.Ra1 Na5 20.Bb5 Bd8 21.Nc1 Nb7 22.Bc4 Nc5
23.Bxe6 fxe6 24.a3 Qf7 25.Nc4 Bc7 26.Rd1 d5 27.Nd2 Qg6 28.Re1 Rf8 29.Bg3 Nh5
30.Bf2 Nf4 31.Bg3  1/2-1/2

[Event "Bygger'n Masters"]
[Site "Gausdal NOR"]
[Date "2006.09.26"]
[Round "3"]
[White "Stubberud,O"]
[Black "Miezis,N"]
[Result "0-1"]
[WhiteElo "2202"]
[BlackElo "2527"]

1.e4 c5 2.Nf3 e6 3.d4 cxd4 4.Nxd4 a6 5.Bd3 Nf6 6.O-O Qc7 7.Qe2 h5 8.h3 Bc5
9.Nb3 Ba7 10.Be3 Nc6 11.Bxa7 Rxa7 12.f4 d6 13.Nc3 b5 14.Rae1 b4 15.Nd1 e5
16.f5 a5 17.Qf2 Ne7 18.Ne3 Bd7 19.Nc4 a4 20.Nbd2 Rb7 21.b3 Bc6 22.Re2 Nc8
23.Rc1 Na7 24.bxa4 Bxa4 25.c3 bxc3 26.Rxc3 Ke7 27.Nf3 Rc8 28.Rb2 Rcb8 29.Rxb7 Rxb7
30.Qd2 Qb8 31.Ra3 Bd7 32.Qe3 Nc8 33.Nfd2 Rb4 34.Bc2 Qc7 35.Qc3 Qc5+ 36.Ne3 Rb5
37.Qxc5 Rxc5 38.Kf2 Bc6 39.Bd3 Rc1 40.Ra5 Nd7 41.Nb3 Rc3 42.Ke2 Bb7 43.Nd5+ Bxd5
44.Rxd5 h4 45.Rb5 Ncb6 46.Ra5 Rc7 47.Nd2 Nf6 48.Ra6 Nbd7 49.Ra3 Nh5 50.Nf3 Nc5
51.Bc2 Nf4+ 52.Kf1 Nd7 53.Bb3 Nf6 54.Ra4 N4h5 55.Kf2 Ng3 56.Nd2 g6 57.fxg6 fxg6
58.Rb4 Rc3 59.a4 Nfxe4+ 60.Nxe4 Nxe4+ 61.Rxe4 Rxb3 62.Rxh4 d5 63.Rh7+ Ke6
64.a5 Ra3 65.Rg7 Kf6 66.Ra7 Kf5 67.Rf7+ Ke4  0-1

[Event "TCh-BEL 2006-7"]
[Site "Belgium BEL"]
[Date "2006.10.01"]
[Round "1"]
[White "Saltaev,M"]
[Black "Lemmers,O"]
[Result "1-0"]
[WhiteElo "2500"]
[BlackElo "2425"]

1.e4 c5 2.Nf3 e6 3.d4 cxd4 4.Nxd4 a6 5.Bd3 Bc5 6.Nb3 Ba7 7.Qg4 Nf6 8.Qg3 d6
9.Nc3 Nc6 10.Bg5 h6 11.Bd2 Nh5 12.Qf3 Qh4 13.g3 Ne5 14.Qe2 Qg4 15.O-O-O Qxe2
16.Bxe2 Nf6 17.f4 Neg4 18.Be1 Ke7 19.Rd3 Nf2 20.Bxf2 Bxf2 21.Rhd1 g5 22.Bf3 gxf4
23.gxf4 Bb6 24.e5 dxe5 25.fxe5 Nd7 26.Bxb7 Ra7 27.Bxc8 Rxc8 28.Re1 Rg8 29.Na4 Rg1
30.Rdd1 Rxe1 31.Rxe1 Bc7 32.Nd4 Nxe5 33.Nc5 Ra8 34.h3 Bd6 35.Nb7 Rb8 36.Nxd6 Kxd6
37.Rxe5 Kxe5 38.Nc6+  1-0

[Event "1st TCH-MNE"]
[Site "Herceg Novi MNE"]
[Date "2006.10.01"]
[Round "10"]
[White "Karisik,N"]
[Black "Anastasijevic,M"]
[Result "1/2-1/2"]
[WhiteElo "2142"]
[BlackElo "1733"]

1.e4 c5 2.Nf3 e6 3.d4 cxd4 4.Nxd4 a6 5.Bd3 Nf6 6.O-O d6 7.a4 b6 8.Nc3 Bb7
9.Be3 Nbd7 10.Nb3 Be7 11.Qe2 Qc7 12.f4 h5 13.Kh1 h4 14.Kg1 Nh5 15.Rad1 g6
16.Bd4 Rg8 17.f5 e5 18.Be3 Nhf6 19.Bg5 h3 20.g3 Qc6 21.Bxf6 Nxf6 22.Rde1 g5
23.Bc4 Qc7 24.Rd1 Kf8 25.Rd2 Kg7 26.Bd5 Bxd5 27.Rxd5 Rgc8 28.Rd2 Qc4 29.Qe3 Ng4
30.Qf3 Nf6 31.Rfd1 b5 32.Qe3 Ng4 33.Qe2 Qxe2 34.Rxe2 bxa4 35.Nxa4 Nf6 36.Nb6 Rab8
37.Nxc8 Rxc8 38.Ra1 Rc6 39.Na5 Rc7 40.Rd1 Nd7 41.b3 Nb6 42.Rf2 f6 43.Rfd2  1/2-1/2

[Event "7th Veselin Boskovic Mem Op"]
[Site "Beograd SRB"]
[Date "2006.10.02"]
[Round "1"]
[White "Marinkov,S"]
[Black "Martinovic,Sl"]
[Result "0-1"]
[WhiteElo "2071"]
[BlackElo "2440"]

1.e4 c5 2.Nf3 e6 3.d4 cxd4 4.Nxd4 a6 5.Bd3 Qb6 6.Nb3 Qc7 7.Nc3 Nf6 8.Qf3 Nc6
9.Bf4 d6 10.Qe2 Be7 11.h3 b5 12.a4 b4 13.Nb1 O-O 14.N1d2 a5 15.g4 Nd7 16.Nc4 Nb6
17.Ne3 Bf6 18.Nd1 Nd4 19.Nxd4 Bxd4 20.c3 bxc3 21.Rc1 Nxa4 22.bxc3 Be5 23.Bxe5 dxe5
24.Bb5 Nc5 25.Qc4 Rd8 26.Nb2 Bb7 27.f3 Qb6 28.Ke2 Ba6  0-1